Genghis Khan - Statistics

General Stats
  • This quiz has been taken 141 times
  • The average score is 4 of 19
Answer Stats
Question Answer % Correct
What was Genghis Khan's birth name? Temujin
76%
Ghenghis Khan was the first ruler of what? Mongol Empire
61%
After uniting the Mongols where did Ghengis Khan turn his attention? China
49%
Khan and the Mongols lived in tents called this. Yurt
31%
Some of his generals were his former what? Enemies
30%
Genghis Khan supposedly had 500 of these? Concubines
22%
What was the name of Khan's Empress? Borte
18%
How many people died during the Mongol conquests? 40 million
15%
Ghenghis Khan was born holding one of these? Blood Clot
15%
How many wives did Genghis Khan have? Six
12%
Khan's father was killed by who? Tartars
9%
This system contributed to the success of Khan's armies. Meritocracy
6%
Genghis Khan died during a military campaign against this Chinese Kingdom Xi Xia
6%
As a teenager, Genghis Khan was abducted by who? An Enemy Clan
3%
What did Genghis Khan establish the concept of? Passports
3%
Khan's empire practiced this. Religious Tolerance
3%
When did the first images of Genghis Khan appear? After his death
2%
At it its peak, the Mongol empire controlled how much land? Twelve Million Square Miles
1%
What script did Genghis Khan adopt as the official written language of Mongolia? Uyghur Script
1%
No matching quizzes found
Score Distribution
Percent of People with Each Score
Percentile by Number Answered
Your Score History
You have not taken this quiz